| 000 | 02051nam a22003857i 4500 | ||
|---|---|---|---|
| 003 | DO-SdBNP | ||
| 005 | 20240614143053.0 | ||
| 007 | ta | ||
| 008 | 240513b2010 dr ||||| |||| 00| 0 spa d | ||
| 020 | _a978932766127 | ||
| 040 |
_aDO-SdBNP _bspa _cBNPHU _erda |
||
| 082 | 0 | 4 |
_222 _a972.93 _bA465c |
| 100 | 1 |
_aAltagracia Espada, Carlos D. _985509 |
|
| 245 | 1 | 0 |
_aEl cuerpo de la patria : _bintelectuales, imaginación geográfica y paisaje de la frontera en la República Dominicana durante la Era de Trujillo / _cCarlos D. Altagracia Espada ; introducción Denis Cosgrove. |
| 250 | _aPrimera edición | ||
| 264 |
_a[Puerto Rico?] : _bLibrería La Tertulia; _bCentro de Investigación y Creación; Centro de Estudios Iberoamericanos, _c©2010. |
||
| 300 |
_a235 páginas ; _c22 cm. |
||
| 336 |
_2rdacontent _aTexto _btxt |
||
| 337 |
_2rdamedia _asin mediación _bn |
||
| 338 |
_2rdacarrier _avolumen _bnc |
||
| 500 | _aIncluye referencias bibliográficas y notas al pie de las páginas. | ||
| 500 | _aIncluye breves datos biográficos del autor en la solapa de la contracubierta. | ||
| 505 | 0 |
_aAgradecimientos -- _tIntroducción – _tEspacios de poder paisajes fronteras y naciones – _tTiempo nación y geografía fronteriza en las narraciones históricas de Manuel Arturo Peña Batlle – _tBiología, biografía y paisaje fronterizo en Joaquín Balague – _tViajes y exilios a la frontera en Freddy Prestol Castillo y Ramon Marrero Aristy -- |
|
| 590 | _aInventariado, 2024 /LP | ||
| 650 | 4 |
_aDictadura de Trujillo _985510 |
|
| 650 | 4 |
_aHistoria de República Dominicana _ySiglo XX _985511 |
|
| 650 | 4 |
_aTerritorios y fronteras de Republica Dominicana _985512 |
|
| 651 | 4 |
_aRepública Dominicana _xLimite-Haiti _985513 |
|
| 651 | 4 |
_aHaiti-Limite _zRepública Dominicana _985514 |
|
| 651 | 4 |
_aRepública Dominicana _xRelaciones con Haiti _914468 |
|
| 651 | 4 |
_aHaiti _xRelaciones con República Dominicana _985515 |
|
| 700 | 1 |
_aCosgrove, Denis, _eintroducción _985516 |
|
| 910 | _aLP/Validado. control de calidad/MAA | ||
| 942 |
_2ddc _cLBS1 |
||
| 999 |
_c56650 _d56650 |
||